000 01150pam a2200313 a 4500
001 3416523
003 ARRUPE
005 20160404120603.0
008 900521s1991 nyu b 001 0beng
010 _a 90039706
020 _a0312047738
040 _aDLC
_cDLC
_dDLC
043 _ae------
050 0 0 _aD413.M56
_bJ43 1991
082 0 0 _a940.5/092
_aB
_220
100 _aBrinkley, Douglas
_923512
245 0 0 _aJean Monnet :
_bthe path to European unity /
_cedited by Douglas Brinkley and Clifford Hackett ; introduction by George W. Ball.
260 _aNew York :
_bSt. Martin's Press,
_c1991.
300 _axxii, 226 p. ;
_c23 cm.
504 _aIncludes bibliographical references (p. 219-222) and index.
600 1 0 _aMonnet, Jean,
_d1888-1979.
_923513
650 0 _aStatesmen
_zEurope
_xBiography.
_923514
650 0 _aEuropean federation.
_923515
700 1 _aBrinkley, Douglas.
_923512
700 1 _aHackett, Clifford P.
_923516
906 _a7
_bcbc
_corignew
_d1
_eocip
_f19
_gy-gencatlg
942 _2lcc
_cMONOGRAPH
999 _c124524
_d124524